000 00387nam a2200145Ia 4500
008 230917s9999||||xx |||||||||||||| ||und||
040 _e3841
_aMAIN
041 _aEnglish
082 _a320.9485 F945L
100 _aFry, John, ed.
245 0 _aLimits of the welfare state: Critical views on post-war Sweden
260 _aWetmead
_bSaxon House
_c1979
300 _a234 p.
942 _cBK
999 _c204601
_d204601